00869nam a2200229 i 4500001000300000245015400003260003400157300002100191490004000212650006400252700002900316700002900345700002700374830003400401015001800435020001500453040000800468041000800476080001600484008004100500856009800541bg00aInstytucje prawne dyrektywy kapitałowej.n[Cz.1] /cpod red. Mirosława Cejmera, Jacka Napierały, Tomasza Sójki ; aut. Mirosław Cejmer [et al.]. aKraków :bZakamycze,c2004. a369 s. ;c22 cm.1 aEuropejskie Prawo Spółek ;vt. 1 9aSpółkixprawo wspólnotowe europejskieystan na 2004 r.1 aCejmer, Mirosław.eRed.1 aNapierała, Jacek.eRed.1 aSójka, Tomasz.eRed. aEuropejskie Prawo Spółek ; aPB 17121/2005 a8373333959 cBPK apol a347.7(4-67) s pl f |000 0 pol  uhttp://koha.tu.koszalin.pl/cgi-bin/koha/opac-detail.pl?biblionumber=51134yKatalog online BPK